Least Religious Countries - Statistics

General Stats
  • This quiz has been taken 69 times
  • The average score is 19 of 26
Answer Stats
% Country % Correct
51.8 China
92%
60.0 Japan
90%
20.8 Finland
89%
29.0 Sweden
89%
24.5 Canada
87%
28.6 Australia
84%
71.3 North Korea
84%
46.6 South Korea
84%
31.2 United Kingdom
84%
26.3 Germany
83%
31.9 France
81%
39.6 New Zealand
79%
45.3 Latvia
76%
21.0 Spain
76%
22.8 Switzerland
76%
60.2 Estonia
75%
29.9 Vietnam
75%
31.0 Belgium
71%
44.3 Netherlands
71%
78.4 Czech Republic
68%
26.7 Luxembourg
67%
36.5 Mongolia
60%
20.3 Hungary
57%
28.6 Belarus
52%
23.2 Cuba
51%
41.5 Uruguay
44%
No matching quizzes found
Score Distribution
Percent of People with Each Score
Percentile by Number Answered
Your Score History
You have not taken this quiz